| 000 | 009940000a22002530004500 | ||
|---|---|---|---|
| 003 | LK-CoMWRAF | ||
| 005 | 20231007173946.0 | ||
| 008 | 230817t ||||| |||| 00| 0 eng d | ||
| 040 |
_aLK-CoMWRAF _dLK-CoMWRAF _eLK-CoMWRAF |
||
| 041 | _aeng | ||
| 082 |
_a058.7 _bJAP |
||
| 110 | _a Japan Center for Preventive Diplomacy, JCPD | ||
| 245 | _aDirectory of Organizations for Conflict Prevention in Asia and the Pacific | ||
| 260 |
_aTokyo: _bJapan Center for Preventive Diplomacy, _c2003 |
||
| 300 | _a xiii, 490 p.: illustrations ; 30 cm. | ||
| 650 | _aINTERNATIONAL ORGANIZATIONS-conflict resolution -- directory -- Asia Pacific | ||
| 650 | _aAsia Pacific -- directory -- conflict prevention -- NGOs | ||
| 650 | _aAsia Pacific -- peace movements | ||
| 650 | _aAsia Pacific -- peace research -- institutions | ||
| 650 | _aAsia Pacific -- human rights -- protection | ||
| 650 | _aRegional organizations | ||
| 710 | _aJapan Institute of International Affairs, JIIA | ||
| 942 | _cREF | ||
| 999 |
_c1644 _d1644 |
||